Sobre la compatibilidad de las prestaciones por incapacidad permanente (Registro nro. 47504)
[ vista simple ]
| 000 -CABECERA | |
|---|---|
| Longitud fija campo de control | 01180naa a2200289 c 4500 |
| 001 - NÚMERO DE CONTROL | |
| Número de control | 47504 |
| 003 - IDENTIFICADOR DE NÚMERO DE CONTROL | |
| Identificador del número de control | ES-MaCES |
| 005 - FECHA Y HORA DE LA ÚLTIMA TRANSACCIÓN | |
| Fecha y hora de la última transacción | 20160420134606.0 |
| 008 - CAMPO FIJO DE DESCRIPCIÓN FIJA--INFORMACIÓN GENERAL | |
| Códigos de información de longitud fija | 160420s2016 sp ||||| t||||||| ||spa d |
| 040 ## - FUENTE DE CATALOGACIÓN | |
| Centro catalogador de origen | ES-MaCES |
| Lengua de catalogación | spa |
| Centro transcriptor | ES-MaCES |
| Centro modificado | ES-MaCES |
| 100 1# - ENCABEZAMIENTO PRINCIPAL--NOMBRE PERSONAL | |
| 9 (RLIN) | 22367 |
| Nombre de persona | Rodriguez Iniesta, Guillermo |
| 245 10 - MENCIÓN DE TÍTULO | |
| Título | Sobre la compatibilidad de las prestaciones por incapacidad permanente |
| Resto del título | = On the compatibility of permanent disability benefits |
| Mención de responsabilidad, etc. | Guillermo Rodríguez Iniesta |
| 500 ## - NOTA GENERAL | |
| Nota general | Resumen |
| 504 ## - NOTA DE BIBLIOGRAFÍA, ETC. | |
| Nota de bibliografía, etc. | Bibliografía: p. 212 |
| 650 #4 - ASIENTO SECUNDARIO DE MATERIA--TÉRMINO DE MATERIA | |
| 9 (RLIN) | 28406 |
| Término de materia o nombre geográfico como elemento inicial | trabajador con discapacidad |
| 650 #4 - ASIENTO SECUNDARIO DE MATERIA--TÉRMINO DE MATERIA | |
| 9 (RLIN) | 27036 |
| Término de materia o nombre geográfico como elemento inicial | prestaciones de invalidez |
| 650 #4 - ASIENTO SECUNDARIO DE MATERIA--TÉRMINO DE MATERIA | |
| 9 (RLIN) | 27042 |
| Término de materia o nombre geográfico como elemento inicial | régimen de pensión |
| 650 #4 - ASIENTO SECUNDARIO DE MATERIA--TÉRMINO DE MATERIA | |
| 9 (RLIN) | 28316 |
| Término de materia o nombre geográfico como elemento inicial | contrato de trabajo |
| 650 #4 - ASIENTO SECUNDARIO DE MATERIA--TÉRMINO DE MATERIA | |
| 9 (RLIN) | 28387 |
| Término de materia o nombre geográfico como elemento inicial | salario |
| 650 #4 - ASIENTO SECUNDARIO DE MATERIA--TÉRMINO DE MATERIA | |
| 9 (RLIN) | 28367 |
| Término de materia o nombre geográfico como elemento inicial | conflicto de trabajo |
| 650 #4 - ASIENTO SECUNDARIO DE MATERIA--TÉRMINO DE MATERIA | |
| 9 (RLIN) | 27166 |
| Término de materia o nombre geográfico como elemento inicial | legislación del trabajo |
| 650 #4 - ASIENTO SECUNDARIO DE MATERIA--TÉRMINO DE MATERIA | |
| 9 (RLIN) | 29894 |
| Término de materia o nombre geográfico como elemento inicial | régimen jurídico |
| 653 10 - TÉRMINO DE INDEXACIÓN--NO CONTROLADO | |
| Término no controlado | Seguridad Social |
| 773 0# - ENTRADA DE DOCUMENTO FUENTE | |
| Itemnumber del ítem fuente | 84316 |
| Lugar, editor y fecha de publicación | Madrid (Ignacio Ellacuría, 3, 28017) Civitas |
| Otro identificador del documento | 087218 |
| Título | Nueva revista española de Derecho del trabajo |
| Número de control del registro relacionado | (ES-MaCES)25060 |
| Parte(s) relacionada(s) | n. 184 (feb. 2016) {10040 R. 087218} ;p. 179-212 |
| 902 ## - CES. TIPO DE DOCUMENTO | |
| Tipodoc (006$c Sirtex) | ART Artículo de revista |
| 942 ## - ELEMENTOS KOHA | |
| Fuente de clasificaión o esquema | Clasificación propia del CES |
| Koha [por defecto] tipo de item | Artículos (1982-2017) |
| Parte de clasificación | Seguridad social |
No hay ítems disponibles.
